000 00252nam a2200109Ia 4500
008 220214s9999 xx 000 0 und d
100 _aTrivedi NN
245 0 _aRubber footwear. Part I.
260 _bRubber India
_c1967
300 _a23-30
942 _cRE
999 _c46146
_d46146